000 00685naa a2200205 i 4500
001 38942
003 ES-MaBCM
005 20241016104148.0
008 960212s1995 esp 000 0 spa d
021 _axx
035 _a(OCoLC)1293692365
040 _cES-MaBCM
041 0 _aspa
043 _aesp
100 1 _aGarcía Pons, Francisco Javier
_917880
245 1 0 _aNormas para la utilización de consultores en los bancos multilaterales de desarrollo
_cFrancisco Javier García Pons
650 2 7 _aBanco de desarrollo
_957701
773 0 _aEn:
_tInformación comercial española. Boletín económico
_dMadrid : 1995
_w104444
_gn. 2.475, oct., p. 83-88. - Loc. S.200
942 _cAREV
999 _c38942
_d38942